| 000 | 07472nkc a22006377a 4500 | ||
|---|---|---|---|
| 001 | 85819 | ||
| 005 | 20260429093449.0 | ||
| 007 | kh boc | ||
| 008 | 260420s18901900sp ||||| |||| |0| i|spa d | ||
| 040 |
_aM-RABA _bspa _cM-RABA |
||
| 245 | 0 | 1 |
_a[Madrid _b: vistas, calles, monumentos y escenas costumbristas] _h[Material gráfico] |
| 260 | _c1890-1900 | ||
| 300 |
_a16 fotografías _b: aristotipo _c; imagen 11 x 8 cm _c; soporte secundario 19 x 16 cm |
||
| 500 | 0 | 0 | _aConjunto de 16 fotografías que representan diferentes vistas de Madrid, sus calles, monumentos y varias escenas costumbristas (vida y tauromaquia). |
| 500 | 0 | 0 | _aNota manuscrita a tinta en el reverso del soporte secundario que indica ubicación y fecha: Fot-679: "Madrid. Mayo 1890. Busto del Dr. Benavente en el Jardín del Retiro" -- Fot-680: "Madrid. Estatua de Felipe IV en la Plaza de Oriente. Mayo 1890" -- Fot-681: "Madrid. Fuente de la Alcachofa en el Retiro. Mayo 1890" -- Fot-682: "Madrid. Fuente de los Galápagos en el Retiro. Mayor 1890" -- Fot-683: "Madrid. Parterre del Retiro. Mayo 1890" -- Fot-684: "Vista del Palacio de Medinaceli, tomada desde la Plaza de las Cortes. Año 1890" -- Fot-685: "Madrid. Calla de Toledo. 15 mayo 1890" -- Fot-686: "Madrid. Apertura de las Cortes durante la Minoría de Don Alfonso XIII" -- Fot-687: "Madrid. Plaza de toros. Mayo 1890" -- Fot-688: "Madrid. Plaza de toros. Mayo 1890" -- Fot-689: "Plaza de toros de Madrid. Despedida de Lagartijo" -- Fot-690: "Madrid. Plaza Mayor en día de Verbena. 19 junio 1890" -- Fot-691: "Madrid. El Rastro. Abril 1891" -- Fot-692: "Escenas Madrileñas. 1891" -- Fot-693: "Entierro en un cementerio de Madrid. 1 noviembre 1891" -- Fot-694: "Madrid. Estatua de Velázquez. Junio 1900". |
| 610 | 2 | 7 |
_aParque del Buen Retiro ( _cMadrid, España) _94039 |
| 610 | 2 | 7 |
_aJardines de la Plaza de Oriente ( _cMadrid, España) _971863 |
| 610 | 2 | 4 |
_aPalacio de las Cortes (Madrid, España) _944695 |
| 651 | 0 |
_aMadrid (España)- _vVistas _998991 |
|
| 655 | 0 |
_aFotografías de monumentos _9111580 |
|
| 655 | 7 |
_aFotografías. _954128 |
|
| 852 | _jFot-679; Fot-680; Fot-681; Fot-682; Fot-683; Fot-684; Fot-685; Fot-686; Fot-687; Fot-688; Fot-689; Fot-690; Fot-691; Fot-692; Fot-693; Fot-694 | ||
| 856 |
_uhttps://archivoybiblioteca.realacademiabellasartessanfernando.com/cgi-bin/koha/opac-retrieve-file.pl?id=5ccdf8c39ca798a760cb4378238aae91 _yFot-679r |
||
| 856 |
_uhttps://archivoybiblioteca.realacademiabellasartessanfernando.com/cgi-bin/koha/opac-retrieve-file.pl?id=fd27beb2041ce1cbd7dac829d6bd8658 _yFot-679v |
||
| 856 |
_uhttps://archivoybiblioteca.realacademiabellasartessanfernando.com/cgi-bin/koha/opac-retrieve-file.pl?id=99ab7e3101af20ebbde1e650aa44d1d5 _yFot-680r |
||
| 856 |
_uhttps://archivoybiblioteca.realacademiabellasartessanfernando.com/cgi-bin/koha/opac-retrieve-file.pl?id=4b6054ead40366eb5a69d50b0b5eb43f _yFot-680v |
||
| 856 |
_uhttps://archivoybiblioteca.realacademiabellasartessanfernando.com/cgi-bin/koha/opac-retrieve-file.pl?id=fa167b935ab5d055107b7af43c6d5aa2 _yFot-681r |
||
| 856 |
_uhttps://archivoybiblioteca.realacademiabellasartessanfernando.com/cgi-bin/koha/opac-retrieve-file.pl?id=7c9b6e276518ceeb8537c5b3c73fee1f _yFot-681v |
||
| 856 |
_uhttps://archivoybiblioteca.realacademiabellasartessanfernando.com/cgi-bin/koha/opac-retrieve-file.pl?id=179e7dd4cafe4704ce5674505f755687 _yFot-682r |
||
| 856 |
_uhttps://archivoybiblioteca.realacademiabellasartessanfernando.com/cgi-bin/koha/opac-retrieve-file.pl?id=c2574365566495e043d75f4867a6900f _yFot-682v |
||
| 856 |
_uhttps://archivoybiblioteca.realacademiabellasartessanfernando.com/cgi-bin/koha/opac-retrieve-file.pl?id=99649e4d0df2778dad9a80ef50010efa _yFot-683r |
||
| 856 |
_uhttps://archivoybiblioteca.realacademiabellasartessanfernando.com/cgi-bin/koha/opac-retrieve-file.pl?id=a1dfe9d3941274798fb6d03309a7770b _yFot-683v |
||
| 856 |
_uhttps://archivoybiblioteca.realacademiabellasartessanfernando.com/cgi-bin/koha/opac-retrieve-file.pl?id=5220f7b5f1c54f5d2cc4698528c89e6a _yFot-684r |
||
| 856 |
_uhttps://archivoybiblioteca.realacademiabellasartessanfernando.com/cgi-bin/koha/opac-retrieve-file.pl?id=abac89b6e027fd584f2987b42eb3b0c0 _yFot-684v |
||
| 856 |
_uhttps://archivoybiblioteca.realacademiabellasartessanfernando.com/cgi-bin/koha/opac-retrieve-file.pl?id=7f5b91712beaae27012704c181ed1cd2 _yFot-685r |
||
| 856 |
_uhttps://archivoybiblioteca.realacademiabellasartessanfernando.com/cgi-bin/koha/opac-retrieve-file.pl?id=030a49620979228503cb5f4d8ee453b0 _yFot-685v |
||
| 856 |
_uhttps://archivoybiblioteca.realacademiabellasartessanfernando.com/cgi-bin/koha/opac-retrieve-file.pl?id=d3936d9922df2157366a64ee9fa870bd _yFot-686r |
||
| 856 |
_uhttps://archivoybiblioteca.realacademiabellasartessanfernando.com/cgi-bin/koha/opac-retrieve-file.pl?id=1814ade0b10191679cd7d0fb70c0d520 _yFot-686v |
||
| 856 |
_uhttps://archivoybiblioteca.realacademiabellasartessanfernando.com/cgi-bin/koha/opac-retrieve-file.pl?id=018ec53e6ad9249fa8c962c0aaf9dffe _yFot-687r |
||
| 856 |
_uhttps://archivoybiblioteca.realacademiabellasartessanfernando.com/cgi-bin/koha/opac-retrieve-file.pl?id=c48f2a317ab4db96c823d95e878f0a25 _yFot-687v |
||
| 856 |
_uhttps://archivoybiblioteca.realacademiabellasartessanfernando.com/cgi-bin/koha/opac-retrieve-file.pl?id=63e202a1239793b11492f4d027e0f5db _yFot-688r |
||
| 856 |
_uhttps://archivoybiblioteca.realacademiabellasartessanfernando.com/cgi-bin/koha/opac-retrieve-file.pl?id=9d271c466a515186a631f6a356cf398d _yFot-688v |
||
| 856 |
_uhttps://archivoybiblioteca.realacademiabellasartessanfernando.com/cgi-bin/koha/opac-retrieve-file.pl?id=519785090a664cf91904284846b5dc62 _yFot-689r |
||
| 856 |
_uhttps://archivoybiblioteca.realacademiabellasartessanfernando.com/cgi-bin/koha/opac-retrieve-file.pl?id=fbc4fa2cee9d031013a1f5aba9798ef7 _yFot-689v |
||
| 856 |
_uhttps://archivoybiblioteca.realacademiabellasartessanfernando.com/cgi-bin/koha/opac-retrieve-file.pl?id=0e6b19a8f89bb256a507acc66b39ceeb _yFot-690r |
||
| 856 |
_uhttps://archivoybiblioteca.realacademiabellasartessanfernando.com/cgi-bin/koha/opac-retrieve-file.pl?id=6428ac7e5b055bae23e4883a8eb38fce _yFot-690v |
||
| 856 |
_uhttps://archivoybiblioteca.realacademiabellasartessanfernando.com/cgi-bin/koha/opac-retrieve-file.pl?id=9ab956753f61079cba118ee9dfd34709 _yFot-691r |
||
| 856 |
_uhttps://archivoybiblioteca.realacademiabellasartessanfernando.com/cgi-bin/koha/opac-retrieve-file.pl?id=89f29cefc772c7edfd4fa5d3a6088ae5 _yFot-691v |
||
| 856 |
_uhttps://archivoybiblioteca.realacademiabellasartessanfernando.com/cgi-bin/koha/opac-retrieve-file.pl?id=0819fe2c49df371643d231f2d02230aa _yFot-692r |
||
| 856 |
_uhttps://archivoybiblioteca.realacademiabellasartessanfernando.com/cgi-bin/koha/opac-retrieve-file.pl?id=9ed5a820d0fd57fb5e58b6769f41d0e3 _yFot-692v |
||
| 856 |
_uhttps://archivoybiblioteca.realacademiabellasartessanfernando.com/cgi-bin/koha/opac-retrieve-file.pl?id=fd4986fa4ff88e3285e617ea3098deeb _yFot-693r |
||
| 856 |
_uhttps://archivoybiblioteca.realacademiabellasartessanfernando.com/cgi-bin/koha/opac-retrieve-file.pl?id=b27bde131bd9317227d07acca805f59e _yFot-693v |
||
| 856 |
_uhttps://archivoybiblioteca.realacademiabellasartessanfernando.com/cgi-bin/koha/opac-retrieve-file.pl?id=fa5447e988cfe8f4fa6d7b16ca85cae2 _yFot-694r |
||
| 856 |
_uhttps://archivoybiblioteca.realacademiabellasartessanfernando.com/cgi-bin/koha/opac-retrieve-file.pl?id=0c9bdb7aa8794139bf70afe199e38af5 _yFot-694v |
||
| 942 |
_cFOTOGRAFÍA _n0 |
||
| 999 |
_c85819 _d85819 |
||